LIBRARY & INFORMATION CENTRE, KCAET, TAVANUR

ONLINE PUBLIC ACCESS CATALOGUE (OPAC)

Elements of agricultural engineering, Vol. 1 & 2 / (Record no. 117)

MARC details
000 -LEADER
fixed length control field 00487cam a2200193ua 4500
020 ## - INTERNATIONAL STANDARD BOOK NUMBER
ISBN 04-7092-076-8
041 ## - LANGUAGE CODE
Language code of text/sound track or separate title eng
082 ## - DEWEY DECIMAL CLASSIFICATION NUMBER
Classification number 630
Item number SIN/EL
100 ## - MAIN ENTRY--AUTHOR NAME
Personal name Singhal, O P.
245 ## - TITLE STATEMENT
Title Elements of agricultural engineering, Vol. 1 & 2 /
250 ## - EDITION STATEMENT
Edition statement 1 /
260 ## - PUBLICATION, DISTRIBUTION, ETC. (IMPRINT)
Place of publication Allahabad :
Name of publisher Saroj Prakashan ,
Year of publication 1997.
300 ## - PHYSICAL DESCRIPTION
Number of Pages 147 ; .
942 ## - ADDED ENTRY ELEMENTS (KOHA)
Koha item type Books
Holdings
Withdrawn status Lost status Damaged status Home library Current library Date acquired Full call number Accession Number Koha item type
      KAUAET KAUAET 07/04/2012 630 19821 Books
free website counter